[Event "Challenge"]
[Site "http://www.queenalice.com/game.php?id=79949"]
[Date "2006.6.25"]
[Round "-"]
[White "moonspell"]
[Black "feraamorim"]
[Result "0-1"]
[WhiteElo "1990"]
[BlackElo "1523"]

1. d4 d5 2. Nf3 e6 3. e3 c6 4. Bd3 Bb4+ 5. c3 Bd6 6. Nbd2 Nf6 7. O-O O-O 8. e4
Bf4 9. e5 Ng4 10. h3 Nh6 11. Re1 Bxd2 12. Bxd2 Qb6 13. Qc2 Na6 14. Bxh6 gxh6 15.
Bxh7+ Kg7 16. Nh2 Rh8 17. Bd3 c5 0-1

[Event "Challenge"]
[Site "http://www.queenalice.com/game.php?id=80496"]
[Date "2006.6.27"]
[Round "-"]
[White "Lucas12"]
[Black "feraamorim"]
[Result "0-1"]
[WhiteElo "1587"]
[BlackElo "1525"]

1. e4 d5 2. b3 g6 3. Bb2 f6 4. Nf3 dxe4 5. Nd4 Nc6 6. Nb5 a6 7. N5a3 Nd4 8. Nc3
Nh6 9. Nxe4 Bf5 10. Ng3 b5 11. Bd3 Bxd3 12. cxd3 Qd5 13. f3 Nhf5 14. Ne4 Bh6 15.
Nc3 Qc5 16. Rc1 Qe5+ 17. Ne4 O-O 18. Rf1 Qxh2 19. Nf2 Qxg2 20. Bxd4 Nxd4 21. Nh1
b4 22. Nc4 Rad8 23. Nf2 Rd5 24. Ne4 Rh5 25. Nf2 Nxf3+ 26. Ke2 Nd4+ 27. Ke1 Qf3
28. a3 bxa3 29. Nxa3 Re5+ 30. Ne4 Qxd3 31. Nc4 Rxe4+ 32. Kf2 Ne2 33. Qc2 Nxc1
34. Qxc1 Qe2+ 35. Kg1 Rg4+ 36. Kh1 Qg2# 0-1

[Event "Revanche? :)"]
[Site "http://www.queenalice.com/game.php?id=80701"]
[Date "2006.6.27"]
[Round "-"]
[White "feraamorim"]
[Black "AAmorim"]
[Result "1-0"]
[WhiteElo "1602"]
[BlackElo "1398"]

1. d4 Nf6 2. Nf3 d5 3. e3 Nc6 4. c3 Bf5 5. Qa4 Qd6 6. Ne5 Nd7 7. Qb5 Rb8 8. c4
a6 9. Qxd5 Qxd5 10. cxd5 Nb4 11. Kd1 Nxe5 12. dxe5 Nxd5 13. Bc4 c6 14. Nc3 Rd8
15. Ke1 f6 16. f4 Nb4 17. Kf2 g5 18. Rd1 Nc2 19. Rb1 Nxe3 20. Kxe3 gxf4+ 21. Ke2
Bg4+ 22. Ke1 Bxd1 23. Nxd1 fxe5 24. b3 Rg8 25. Bxg8 Bh6 26. g3 Rd4 27. gxf4 exf4
28. Rb2 Bg7 29. Rd2 Re4+ 30. Re2 Rd4 31. Bb2 f3 32. Bxd4 fxe2 33. Bxg7 exd1=Q+
34. Kxd1 h5 35. h4 b6 36. a4 c5 37. Kc1 Kd7 38. Bf7 e6 39. Bxh5 Kd6 40. Be2 a5
41. h5 e5 42. Bf3 Ke6 43. h6 Kf5 44. h7 e4 45. Bg2 e3 46. h8=Q Kf4 47. Qh2+ Kg4
48. Qh3+ Kf4 49. Kd1 Kg5 50. Ke2 1-0

[Event "Challenge"]
[Site "http://www.queenalice.com/game.php?id=80777"]
[Date "2006.6.28"]
[Round "-"]
[White "feraamorim"]
[Black "mogerio"]
[Result "1-0"]
[WhiteElo "1406"]
[BlackElo "800"]

1. e4 e5 2. d4 d5 3. Nc3 Qf6 4. Nxd5 Qf4 5. Bxf4 Bb4+ 6. Nxb4 exf4 7. Qf3 Nc6 8.
Bb5 a6 9. Bxc6+ bxc6 10. Qxf4 Be6 11. Nxc6 Bd7 12. Qxc7 f5 13. e5 Nf6 14. exf6
gxf6 15. Rd1 Rf8 16. Rd3 Rf7 17. Re3+ Re7 18. Nxe7 Rd8 19. Nc6+ Kf8 20. Nxd8 f4
21. Qxf4 Kg7 22. Ne6+ Kf7 23. Qd6 Ke8 24. Ng7+ Kd8 25. Re7 Kc8 26. Qxd7+ Kb8 27.
Qd8# 1-0

[Event "Challenge"]
[Site "http://www.queenalice.com/game.php?id=80940"]
[Date "2006.6.29"]
[Round "-"]
[White "l"]
[Black "feraamorim"]
[Result "1-0"]
[WhiteElo "1317"]
[BlackElo "1578"]

1. e4 d5 2. exd5 Qxd5 3. Nc3 Qe5+ 4. Nge2 Nc6 5. f4 Qf5 6. Ng3 Qe6+ 7. Be2 Nf6
8. Nb5 Qd7 9. Bc4 a6 10. Nc3 Qe6+ 11. Bxe6 Bxe6 12. O-O Bg4 13. Qe1 O-O-O 14. h3
Nd4 15. hxg4 Nxc2 16. Qf2 Nxa1 17. d4 Nxg4 18. Qf3 Nf6 19. Be3 e6 20. Rxa1 Rd6
21. f5 Rc6 22. fxe6 fxe6 23. d5 Rd6 24. dxe6 Rxe6 25. Qf5 Kd7 26. Rd1+ Bd6 27.
Bf4 g6 28. Qh3 Ke7 29. Bxd6+ cxd6 30. Qh4 Rc8 31. Nce4 Rc4 32. Re1 d5 33. b3 Rd4
34. Qh3 b5 35. Kf1 dxe4 36. Qh2 h5 37. Ne2 Ng4 38. Qc7+ Kf6 39. Nxd4 Re5 40.
Qc6+ Kf7 41. Qc7+ Re7 42. Qf4+ Nf6 43. Nc6 Rd7 44. Ne5+ Ke7 45. Nxd7 Kxd7 46.
Qxf6 a5 47. Rxe4 1-0

[Event "Challenge"]
[Site "http://www.queenalice.com/game.php?id=83414"]
[Date "2006.7.7"]
[Round "-"]
[White "AAmorim"]
[Black "feraamorim"]
[Result "1-0"]
[WhiteElo "1513"]
[BlackElo "1505"]

1. e4 g6 2. d4 Bg7 3. Nc3 Nf6 4. e5 Ng8 5. Nf3 Nh6 6. Bf4 O-O 7. Qd2 d6 8. exd6
exd6 9. Bxh6 Re8+ 10. Be2 Bxh6 11. Qd3 Bg4 12. O-O Bxf3 13. Bxf3 Nc6 14. Nd5 Bg7
15. c3 Na5 16. b4 c6 17. Ne3 Qf6 18. bxa5 c5 19. a6 Rab8 20. axb7 cxd4 21. cxd4
Qxd4 22. Qxd4 Bxd4 23. Rab1 Bxe3 24. fxe3 Rxe3 25. Rbc1 f5 26. Rc8+ Re8 27.
Rxe8+ Rxe8 28. Rc1 Kg7 29. Rc8 Rxc8 30. bxc8=Q h5 31. Qd7+ Kh6 32. Qe8 g5 33.
Qf8+ Kg6 34. Qxd6+ Kg7 35. g3 g4 36. Bd1 a5 37. Qa6 Kf7 38. Qxa5 Kg6 39. Qd8 Kh6
40. a4 1-0

[Event "Challenge"]
[Site "http://www.queenalice.com/game.php?id=83642"]
[Date "2006.7.7"]
[Round "-"]
[White "feraamorim"]
[Black "leandropiccolo"]
[Result "1-0"]
[WhiteElo "1517"]
[BlackElo "1275"]

1. b3 e5 2. Bb2 f6 3. Nf3 Bd6 4. e4 Nc6 5. Nc3 Nge7 6. d4 exd4 7. Nxd4 Nxd4 8.
Qxd4 c5 9. Qxd6 h5 10. Qxc5 d6 11. Bb5+ Nc6 12. Bxc6+ bxc6 13. Qxc6+ Bd7 14.
Qxd6 g5 15. Nd5 Qa5+ 16. Bc3 1-0

[Event "Challenge"]
[Site "http://www.queenalice.com/game.php?id=83895"]
[Date "2006.7.8"]
[Round "-"]
[White "feraamorim"]
[Black "Bruno_de_Paula"]
[Result "0-1"]
[WhiteElo "1464"]
[BlackElo "1759"]

1. e4 e5 2. Nf3 Nc6 3. d3 Nf6 4. Nc3 Bb4 5. a3 Ba5 6. b4 Bb6 7. Be3 Bxe3 8. fxe3
Ng4 9. h3 Nxe3 10. Qe2 Nxf1 11. Qxf1 O-O 12. b5 Nd4 13. Nxd4 exd4 14. Na4 d6 15.
Qf2 Bd7 16. Qxd4 Bxb5 17. O-O c5 18. Qc3 Bxa4 19. Rf3 Bd7 20. Rg3 f6 21. Rb1 b6
22. d4 Qe7 23. dxc5 dxc5 24. Re3 Rae8 25. Rbe1 Qe5 26. Rd3 Qxc3 27. Rxc3 Bc6 28.
Rce3 Re5 29. c4 Rfe8 30. g4 Rxe4 31. Rxe4 Rxe4 32. Rxe4 Bxe4 0-1

[Event "Challenge"]
[Site "http://www.queenalice.com/game.php?id=92512"]
[Date "2006.8.4"]
[Round "-"]
[White "feraamorim"]
[Black "Sandrio2006"]
[Result "1-0"]
[WhiteElo "1434"]
[BlackElo "1545"]

1. e4 e6 2. Nf3 Bd6 3. e5 Be7 4. Nc3 d5 5. b3 Nh6 6. Bb5+ c6 7. Bd3 O-O 8. O-O
b5 9. a3 f6 10. Qe2 d4 11. exf6 Bxf6 12. Ne4 Be7 13. c4 dxc3 14. Nxc3 g6 15. Ng5
Qd6 16. Nce4 Qf4 17. g3 Qc7 18. Bb2 a5 19. a4 b4 20. f4 Rf5 21. Bc4 Kf8 22.
Nxe6+ Bxe6 23. Bxe6 Rf7 24. Bxf7 Kxf7 25. Qc4+ Kf8 26. Ng5 Qb6+ 27. Bd4 c5 28.
Nxh7+ Ke8 29. Qd5 Nc6 30. Bf6 Rd8 31. Qg5 Nf7 32. Qh4 Rd6 33. Bxe7 Nxe7 34. Rfe1
c4+ 35. Re3 g5 36. fxg5 Rxd2 37. Re1 Ne5 38. g6 N5xg6 39. Qg5 cxb3 40. h4 b2 41.
Qb5+ Qxb5 42. axb5 Kd8 43. h5 Kc7 44. hxg6 Nxg6 45. Re6 Rd3 46. Rxg6 Rb3 47. b6+
Kb7 48. Re7+ Ka6 49. b7+ Kb5 50. b8=Q+ Ka4 51. Qe8+ Ka3 52. Re1 b1=Q 53. Rxb1
Rxb1+ 54. Kh2 a4 55. Ra6 1-0

[Event "Challenge"]
[Site "http://www.queenalice.com/game.php?id=92753"]
[Date "2006.8.4"]
[Round "-"]
[White "cedwik"]
[Black "feraamorim"]
[Result "0-1"]
[WhiteElo "1732"]
[BlackElo "1554"]

1. e4 d5 2. e5 Nc6 3. Nf3 f6 4. Qe2 g5 5. h3 Bg7 6. Nxg5 fxg5 7. Qh5+ Kf8 8.
Qxg5 Nxe5 9. Qf4+ Bf6 10. Nc3 d4 11. Nb5 Nc6 12. Nxc7 Qd6 13. d3 Rb8 14. g3 e5
15. Nb5 Qb4+ 16. c3 Qxb5 17. Qf3 h5 18. Bg5 Qxb2 19. Rd1 Qxc3+ 20. Rd2 e4 21.
Qf4 Ke7 22. Qxe4+ Be6 23. h4 Qc5 24. Bh3 Ne5 25. f4 Ng4 26. Rf1 Qd5 27. f5 Qxe4+
28. dxe4 Bxg5 29. hxg5 Ne3 30. f6+ Kf7 31. g6+ Kxg6 32. Rh1 Bxh3 33. Rxh3 Nxf6
34. a4 Nxe4 35. g4 Nxd2 36. Kxd2 Nxg4 37. a5 Rbc8 0-1

[Event "treinamento"]
[Site "http://www.queenalice.com/game.php?id=92783"]
[Date "2006.8.4"]
[Round "-"]
[White "Rbar2004"]
[Black "feraamorim"]
[Result "0-1"]
[WhiteElo "1557"]
[BlackElo "1560"]

1. e4 d5 2. exd5 Qxd5 3. Nc3 Qe6+ 4. Qe2 Qxe2+ 5. Bxe2 g6 6. Nd5 Kd8 7. Nf3 Nf6
8. Nxf6 exf6 9. O-O Bg4 10. Re1 Nc6 11. c3 a5 12. d4 Ra6 13. Bxa6 bxa6 14. d5
Ne5 15. Nxe5 fxe5 16. Rxe5 Bd6 17. Bg5+ Kc8 18. Re4 Bf5 19. Ra4 h6 20. Bf6 Re8
21. Rxa5 Kb7 22. b4 Be5 23. Bxe5 Rxe5 24. f3 h5 25. Kf2 Kb6 26. Re1 f6 27. Rxe5
fxe5 28. a4 Bd3 0-1

[Event "Challenge"]
[Site "http://www.queenalice.com/game.php?id=92801"]
[Date "2006.8.4"]
[Round "-"]
[White "marcosweck"]
[Black "feraamorim"]
[Result "1-0"]
[WhiteElo "1344"]
[BlackElo "1445"]

1. e4 d5 2. e5 Nc6 3. d4 f6 4. Nf3 fxe5 5. Nxe5 g6 6. Nxc6 bxc6 7. Bd3 Nf6 8.
Nc3 Bf5 9. Bxf5 gxf5 10. Bg5 Ne4 11. Qh5+ Kd7 12. Nxe4 dxe4 13. f3 Bg7 14. fxe4
fxe4 15. Qg4+ Ke8 16. Qxe4 Bf6 17. Bxf6 Qd5 18. Qxe7# 1-0

[Event "MGC x FeraAmorim"]
[Site "http://www.queenalice.com/game.php?id=94057"]
[Date "2006.8.9"]
[Round "-"]
[White "Marcellus"]
[Black "feraamorim"]
[Result "1-0"]
[WhiteElo "1419"]
[BlackElo "1576"]

1. d4 d5 2. Nf3 Nf6 3. Bf4 Nc6 4. Nbd2 Bg4 5. h3 Bxf3 6. Nxf3 e6 7. e3 Bd6 8.
Ne5 Ne4 9. Nxc6 bxc6 10. Bd3 Bxf4 11. exf4 Qh4 12. Qf3 f5 13. O-O Nd2 14. Qe3
Nxf1 15. Qxe6+ Qe7 16. Qxc6+ Kf7 17. Qxd5+ Qe6 18. Bc4 Qxd5 19. Bxd5+ Ke7 20.
Bxa8 Rxa8 21. Kxf1 Rb8 22. b3 a5 23. Re1+ Kd7 24. Re5 1-0

[Event "Esperanto V"]
[Site "http://www.queenalice.com/game.php?id=94798"]
[Date "2006.8.12"]
[Round "-"]
[White "feraamorim"]
[Black "Xavier"]
[Result "1-0"]
[WhiteElo "1469"]
[BlackElo "1618"]

1. e4 d5 2. d3 Nc6 3. Nc3 Nd4 4. Nf3 Bg4 5. Nxd5 Qd6 6. Bf4 Qc6 7. Nxc7+ Kd8 8.
Nxa8 Nxc2+ 9. Kd2 Nxa1 10. Qxa1 Qc8 11. Nc7 e6 12. Ng5 Qd7 13. h3 f6 14. hxg4
fxg5 15. Bxg5+ Be7 16. Bxe7+ Nxe7 17. Nxe6+ Qxe6 18. f3 Qf6 19. a4 Nc6 20. Rh5
g5 21. Qa2 Qf4+ 22. Kd1 h6 23. Qd5+ Kc7 24. Qe6 Qe5 25. Rxh6 Qxe6 26. Rxe6 Rd8
27. Rg6 Rd4 28. b3 Rb4 29. Rxg5 Rxb3 30. Rc5 b6 31. Rb5 Ra3 32. g5 Rxa4 33. g6
Ra1+ 34. Kc2 Ne7 35. Rb1 Ra5 36. g7 Rg5 37. Ra1 a5 38. g4 Rxg7 39. d4 Nc6 40.
Ra4 Rf7 41. Be2 Rh7 42. d5 Nb4+ 43. Rxb4 axb4 44. Kb3 Rh2 45. Bd3 Rf2 46. Kxb4
Rxf3 47. Bc2 Rf4 48. g5 Rg4 49. g6 Rxg6 50. e5 Rg2 51. d6+ Kd8 52. Bb3 Rd2 53.
Kb5 Rb2 54. Kb4 Kd7 55. Kc3 Re2 56. Kd4 Rb2 57. Bc4 b5 58. Bg8 b4 59. Kd5 Rd2+
60. Ke4 Rb2 61. Kd5 b3 62. e6+ Kd8 63. e7+ Ke8 64. Ke6 Re2+ 65. Kf6 b2 66. Bc4
Rf2+ 67. Ke6 b1=Q 68. d7# 1-0

[Event "Let's Play Chess!"]
[Site "http://www.queenalice.com/game.php?id=94864"]
[Date "2006.8.12"]
[Round "-"]
[White "feraamorim"]
[Black "DanielBP"]
[Result "1-0"]
[WhiteElo "1458"]
[BlackElo "1219"]

1. e4 Nf6 2. e5 Nd5 3. Bc4 Nb6 4. Nf3 Nxc4 5. b3 Nb6 6. Nc3 d6 7. O-O g6 8. d4
Bg7 9. Ng5 O-O 10. Qf3 dxe5 11. dxe5 Bxe5 12. Bf4 Nc6 13. Bxe5 Nxe5 14. Qf4 Qd6
15. Rad1 Qf6 16. Qxf6 exf6 17. Nf3 Nxf3+ 18. gxf3 Be6 19. Nb5 1-0

[Event "Challenge"]
[Site "http://www.queenalice.com/game.php?id=97356"]
[Date "2006.8.19"]
[Round "-"]
[White "feraamorim"]
[Black "ravague"]
[Result "1/2-1/2"]
[WhiteElo "1553"]
[BlackElo "1626"]

1. e4 e5 2. d4 exd4 3. Qxd4 Nc6 4. Qe3 Nf6 5. Nc3 Nb4 6. Bd3 b6 7. a3 Nc6 8. Nd5
Be7 9. Qf4 Nd4 10. Nxc7+ Kf8 11. Nxa8 Ba6 12. Bxa6 Nxc2+ 13. Kd1 Nxa1 14. Nc7
Nb3 15. e5 Qxc7 16. Be3 Nd5 17. Qc4 Nxe3+ 18. fxe3 Qxc4 19. Bxc4 Nc5 20. b4 Ne6
21. Nf3 g6 22. h4 Kg7 23. h5 Rc8 24. h6+ Kf8 25. Nd2 Bg5 26. Re1 Bxh6 27. Bxe6
dxe6 28. a4 Bf4 29. exf4 a6 30. g4 Rc3 31. g5 Ra3 32. Nc4 Rxa4 33. Nxb6 Rxb4 34.
Nd7+ Ke7 35. Nf6 Rxf4 36. Nxh7 Rc4 37. Kd2 Rc5 38. Ra1 Rxe5 39. Rxa6 Rd5+ 40.
Kc3 e5 41. Nf6 Rd6 42. Ng8+ Ke6 43. Rxd6+ Kxd6 44. Nh6 Ke6 45. Kd3 f6 46. gxf6
Kxf6 47. Ke4 Ke6 48. Ng4 g5 49. Nxe5 Kf6 1/2-1/2

[Event "Revanche"]
[Site "http://www.queenalice.com/game.php?id=98044"]
[Date "2006.8.21"]
[Round "-"]
[White "feraamorim"]
[Black "Xavier"]
[Result "0-1"]
[WhiteElo "1529"]
[BlackElo "1626"]

1. g3 Nf6 2. Nf3 c6 3. Bg2 Qa5 4. O-O d5 5. d3 Bg4 6. Bd2 Qb6 7. Nc3 d4 8. Na4
Qb5 9. c4 Qh5 10. Bg5 Nbd7 11. Qb3 Rb8 12. h4 h6 13. Bf4 e5 14. Bxe5 Nxe5 15.
Nxe5 Qxe5 16. Bf3 Bd6 17. Bxg4 Nxg4 18. e4 Ne3 19. f4 Qh5 20. Rfe1 Qf3 21. e5
Qg2# 0-1

[Event "Challenge"]
[Site "http://www.queenalice.com/game.php?id=98125"]
[Date "2006.8.21"]
[Round "-"]
[White "feraamorim"]
[Black "Marcelo_Araujo"]
[Result "0-1"]
[WhiteElo "1575"]
[BlackElo "1597"]

1. g3 e5 2. e4 Nf6 3. Bg2 Bc5 4. Ne2 O-O 5. O-O Nc6 6. d3 d5 7. exd5 Nxd5 8.
Nbc3 Be6 9. Nxd5 Bxd5 10. c4 Bxg2 11. Kxg2 Nd4 12. Be3 b6 13. f4 Nf5 14. Rf3
Nxe3+ 15. Rxe3 Bxe3 16. fxe5 f6 17. d4 fxe5 18. dxe5 Rf2+ 19. Kg1 Rxe2+ 20. Kh1
Rd2 21. Qb3 Qf8 22. Qxe3 Qf2 23. Qxf2 Rxf2 24. Rb1 Re8 25. Kg1 Re2 26. a4 R8xe5
27. b4 R5e4 28. Rc1 a5 29. b5 Ra2 30. c5 Raxa4 31. cxb6 cxb6 32. Rc6 Ra2 33. Rc1
Rb4 34. Rc8+ Kf7 35. Rc7+ Ke6 36. Rc6+ Kd5 37. Rc1 Rxb5 38. Rd1+ Ke4 0-1

[Event "Challenge"]
[Site "http://www.queenalice.com/game.php?id=98851"]
[Date "2006.8.23"]
[Round "-"]
[White "vult0"]
[Black "feraamorim"]
[Result "0-1"]
[WhiteElo "1622"]
[BlackElo "1556"]

1. d4 b6 2. e4 Bb7 3. Nc3 Nf6 4. Bd3 d5 5. e5 Ne4 6. Bd2 e6 7. f3 Nxc3 8. Bxc3
c5 9. Bb5+ Bc6 10. a4 Bxb5 11. axb5 Qd7 12. dxc5 Qxb5 13. cxb6 Qxb6 14. Bd4 Qb4+
15. Bc3 Qc5 16. Bd4 Qb5 17. Ne2 Bc5 18. O-O Bxd4+ 19. Nxd4 Qxb2 20. Rb1 Qc3 21.
f4 Nc6 22. Nxc6 Qxc6 23. Rc1 O-O 24. Qg4 f5 25. Qg5 h6 26. Qh4 d4 27. Kh1 Rac8
28. h3 a5 29. Rf3 a4 30. Rg3 Rc7 31. Qxh6 a3 32. Rg5 d3 33. Qh4 a2 34. Rh5 dxc2
35. Rh8+ Kf7 36. Qh5+ Ke7 37. Qg5+ Ke8 38. Qg6+ Rf7 39. Rxf8+ Kxf8 40. h4 Qc3
41. Qg5 Ke8 42. h5 a1=Q 43. Rxa1 Qxa1+ 44. Kh2 c1=Q 0-1

[Event "Marcellus x FeraAmorim"]
[Site "http://www.queenalice.com/game.php?id=112876"]
[Date "2006.10.4"]
[Round "-"]
[White "Marcellus"]
[Black "feraamorim"]
[Result "1-0"]
[WhiteElo "1607"]
[BlackElo "1540"]

1. f4 d5 2. Nc3 d4 3. Ne4 f5 4. Nf2 Nf6 5. Nf3 Ne4 6. Nxe4 fxe4 7. Ne5 Qd6 8. c3
Nc6 9. cxd4 Nxd4 10. e3 Nc6 11. Qa4 Bd7 12. Bb5 O-O-O 13. Bxc6 Bxc6 14. Qxa7 g5
15. Qa8# 1-0

[Event "Challenge"]
[Site "http://www.queenalice.com/game.php?id=123875"]
[Date "2006.10.31"]
[Round "-"]
[White "feraamorim"]
[Black "marcosbratz"]
[Result "0-1"]
[WhiteElo "1559"]
[BlackElo "1496"]

1. e4 e5 2. d4 d6 3. Nf3 Ne7 4. Nc3 c6 5. d5 Nd7 6. g3 Nc5 7. b4 Nd7 8. Bh3 Nf6
9. Ng5 Bxh3 10. Nxh3 Qc7 11. f3 cxd5 12. exd5 Qc4 13. Bd2 Qxb4 14. Rb1 Qc5 15.
Rxb7 Nfxd5 16. Ne4 Qc6 17. Qb1 Nf5 18. Qb5 Qxb5 19. Rxb5 Nde3 20. Bxe3 Nxe3 21.
c3 d5 22. Ke2 d4 23. Rxe5+ Be7 24. cxd4 Nc4 25. Rb5 O-O 26. Nf4 Rfd8 27. Rb7 Ba3
28. d5 a5 29. Ng5 Re8+ 30. Kd3 Nd6 31. Rd7 Nf5 32. Rxf7 Nh6 33. Nh5 Nxf7 34. f4
Nxg5 35. fxg5 Re5 36. Nf4 Rxg5 37. Re1 Bd6 38. a4 Bxf4 39. gxf4 Rxd5+ 40. Ke4
Re8+ 41. Kxd5 Rxe1 42. Kc5 Rb1 43. h4 Rb4 0-1